Vazba korupce a hospodářské svobody na veřejné finance a investice nových členů EU
Dynamika verejných financií a verejných financií nových členských krajín EÚ a dopad ekonomickej slobody a korupcie na tieto ukazovatele.
Salvato in:
| Autore principale: | |
|---|---|
| Altri autori: | |
| Natura: | Capitolo di libro |
| Lingua: | ceco |
| Soggetti: | |
| Tags: |
Nessun Tag, puoi essere il primo ad aggiungerne!!
|
MARC
| LEADER | 00000naa a2200000 4500 | ||
|---|---|---|---|
| 001 | 0135496 | ||
| 005 | 20231207120037.0 | ||
| 041 | 0 | |a cze | |
| 044 | |a CZ | ||
| 245 | 1 | 0 | |a Vazba korupce a hospodářské svobody na veřejné finance a investice nových členů EU |c Jan Hanousek, Evžen Kočenda |
| 520 | |a Dynamika verejných financií a verejných financií nových členských krajín EÚ a dopad ekonomickej slobody a korupcie na tieto ukazovatele. | ||
| 610 | 2 | 0 | |a Európska únia |
| 610 | 2 | 0 | |a ukazovatele ekonomické |
| 610 | 2 | 0 | |a porovnanie medzinárodné |
| 610 | 2 | 0 | |a sloboda ekonomická |
| 610 | 2 | 0 | |a korupcia |
| 610 | 2 | 0 | |a financie verejné |
| 100 | 1 | |a Hanousek, Jan | |
| 700 | 1 | |a Kočenda, Evžen | |